Chandigarh : (Record no. 20347)

MARC details
000 -LEADER
fixed length control field 01254cam a2200349 a 4500
001 - CONTROL NUMBER
control field 254709
003 - CONTROL NUMBER IDENTIFIER
control field BDDh-ASL
005 - DATE AND TIME OF LATEST TRANSACTION
control field 20231015025857.0
008 - FIXED-LENGTH DATA ELEMENTS--GENERAL INFORMATION
fixed length control field 990408s1999 ii ab b 001 0 eng
010 ## - LIBRARY OF CONGRESS CONTROL NUMBER
LC control number 99932830
020 ## - INTERNATIONAL STANDARD BOOK NUMBER
International Standard Book Number 0195650301
025 ## - OVERSEAS ACQUISITION NUMBER
Overseas acquisition number I-E-99-932830; 90-28
037 ## - SOURCE OF ACQUISITION
Source of stock number/acquisition Library of Congress -- New Delhi Field Office
Terms of availability Rs325.00
040 ## - CATALOGING SOURCE
Original cataloging agency DLC
Transcribing agency DLC
Modifying agency DLC
-- BDDh-ASL
042 ## - AUTHENTICATION CODE
Authentication code lcode
043 ## - GEOGRAPHIC AREA CODE
Geographic area code a-ii---
050 00 - LIBRARY OF CONGRESS CALL NUMBER
Classification number HT169.I5
Item number K35 1999
082 00 - DEWEY DECIMAL CLASSIFICATION NUMBER
Classification number 307.1095
Edition number 21
Item number KAC
100 1# - MAIN ENTRY--PERSONAL NAME
Personal name Kalia, Ravi.
245 10 - TITLE STATEMENT
Title Chandigarh :
Remainder of title the making of an Indian city /
Statement of responsibility, etc. Ravi Kalia.
250 ## - EDITION STATEMENT
Edition statement New, updated ed.
260 ## - PUBLICATION, DISTRIBUTION, ETC.
Place of publication, distribution, etc. New Delhi ;
-- New York :
Name of publisher, distributor, etc. Oxford University Press,
Date of publication, distribution, etc. 1999.
300 ## - PHYSICAL DESCRIPTION
Extent xv, 215 p. :
Other physical details ill., map ;
Dimensions 22 cm.
440 #0 - SERIES STATEMENT/ADDED ENTRY--TITLE
Title Oxford India paperbacks
504 ## - BIBLIOGRAPHY, ETC. NOTE
Bibliography, etc. note Includes bibliographical references (p. 191-203) and index.
650 #0 - SUBJECT ADDED ENTRY--TOPICAL TERM
Topical term or geographic name entry element City planning
Geographic subdivision India
-- Chandīgarh.
650 #0 - SUBJECT ADDED ENTRY--TOPICAL TERM
Topical term or geographic name entry element Architects
Geographic subdivision India.
856 42 - ELECTRONIC LOCATION AND ACCESS
Materials specified Publisher description
Uniform Resource Identifier <a href="http://www.loc.gov/catdir/enhancements/fy0606/99932830-d.html">http://www.loc.gov/catdir/enhancements/fy0606/99932830-d.html</a>
906 ## - LOCAL DATA ELEMENT F, LDF (RLIN)
a 7
b cbc
c origode
d 3
e ncip
f 19
g y-gencatlg
942 ## - ADDED ENTRY ELEMENTS (KOHA)
Source of classification or shelving scheme Dewey Decimal Classification
Koha item type Books
Holdings
Withdrawn status Lost status Source of classification or shelving scheme Damaged status Not for loan Collection code Home library Current library Shelving location Date acquired Source of acquisition Total Checkouts Full call number Barcode Date last seen Copy number Price effective from Koha item type Public note
    Dewey Decimal Classification   Not For Loan Non-fiction Asiatic Society Library Asiatic Society Library Ludden Collection 12/30/2020 Donated by Prof. David Ludden   307.1095 KAC 103777 12/30/2020 C-1 12/30/2020 Books RARE

Powered by Koha